Central Library OPAC University of Rajshahi

Iraq, 1900 to 1950 : (Record no. 64474)

MARC details
000 -LEADER
fixed length control field 00727nam a2200229 a 4500
001 - CONTROL NUMBER
control field 64474
003 - CONTROL NUMBER IDENTIFIER
rucl marc code BD-RjUL
005 - DATE AND TIME OF LATEST TRANSACTION
control field 20211209081319.0
008 - FIXED-LENGTH DATA ELEMENTS--GENERAL INFORMATION
fixed length control field 170215s1953 enkb b 001 0 eng
035 ## - SYSTEM CONTROL NUMBER
System control number (BD-RjUL)64604
040 ## - CATALOGING SOURCE
Original cataloging agency DLC
Transcribing agency OCedC
Modifying agency OCoLC
-- BD-RjUL
Language of cataloging eng
041 ## - LANGUAGE CODE
Language code of text/sound track or separate title eng
082 ## - DEWEY DECIMAL CLASSIFICATION NUMBER
Classification number 956.7
Edition number 23
Author mark and year LOI 1953
100 1# - MAIN ENTRY--PERSONAL NAME
Personal name Longrigg, Stephen Hemsley.
9 (RLIN) 191278
245 10 - TITLE STATEMENT
Title Iraq, 1900 to 1950 :
Remainder of title a political, social, and economic history /
Statement of responsibility, etc. Stephen Hemsley Longrigg,
260 ## - PUBLICATION, DISTRIBUTION, ETC. (IMPRINT)
Place of publication, distribution, etc. London :
Name of publisher, distributor, etc. Oxford University Press,
Date of publication, distribution, etc. 1953 [impression 1956]
300 ## - PHYSICAL DESCRIPTION
Pagination x, 436 p. :
Illustrations ill, ;
Size 23 cm.
500 ## - GENERAL NOTE
General note Include index
504 ## - BIBLIOGRAPHY, ETC. NOTE
Bibliography, etc Bibliography: p. [401]-412.
651 #0 - SUBJECT ADDED ENTRY--GEOGRAPHIC NAME
Geographic name Iraq
General subdivision History.
9 (RLIN) 191279
942 ## - ADDED ENTRY ELEMENTS (KOHA)
Source of classification or shelving scheme Dewey Decimal Classification
Koha item type Books
Holdings
Lost status Source of classification or shelving scheme Damaged status Not for loan Collection code Permanent Location Current Location Shelving location Date acquired Source of acquisition Cost, normal purchase price Total Checkouts Full call number Date last seen Copy number Koha item type
  Dewey Decimal Classification   Not For Loan Non-fiction Central Library, University of Rajshahi Central Library, University of Rajshahi Reading Room 14/02/1963 Zeitlinger 40.00   956.7 LOI 1953 15/02/2017 C-1 Books
  Dewey Decimal Classification     Non-fiction Central Library, University of Rajshahi Central Library, University of Rajshahi   14/02/1963 zeitlinger 81.00   956.7 LOI 1956 09/03/2017 C-2 Books